000 01374cam a2200337 i 4500
001 31529
003 Mx-PuUPA
005 20260430123532.0
008 140415s2022 iluao fr 000 0 eng d
020 _a9780867155723
_qset
_qempastado
040 _cMx-PuUPA
_aMx-PuUPA
_bspa
_dMx-PuUPA
_erda
041 0 _aeng
100 1 _aMagne, Pascal,
_eautor
245 1 0 _aBiomimetic restorative dentistry /
_cPascal Magne, Urs Belser
250 _aSecond edition
264 1 _aBatavia, IL :
_bQuintessence Publishing,
_c©2022
300 _a2 volúmenes (paginación varía) :
_bilustraciones, fotografías (en color) ;
_c29 cm
336 _2rdacontent
_atexto
_btxt
336 _2rdacontent
_aimagen fija
_bsti
337 _2rdamedia
_asin medio
_bn
338 _2rdacarrier
_avolumen
_bnc
650 7 _2armarc
_aAdhesión dental
_xMétodos
650 7 _2armarc
_aRestauración dental
_xMétodos
650 7 _2armarc
_aEstética dental
700 1 _aBelser, Urs,
_eautor
942 _2ddc
_cLI
_h617.695
_iM88
999 _c31529
_d31529